| 000 | 00339nam a2200133Ia 4500 | ||
|---|---|---|---|
| 100 | _aThirkettle/G.L | ||
| 942 | _cBK | ||
| 654 | _aStatistical Methods | ||
| 245 | _aWheldon''''s Business Statistics & Statistical Methods | ||
| 260 |
_bEnglish language book society _aLondon _c1972 |
||
| 082 | _a519.5 | ||
| 300 | _a242 | ||
| 546 | _aENGLISH | ||
| 999 |
_c18313 _d18313 |
||